|
|
|
|
| LEADER |
00000nkm a2200000 a 4500 |
| 001 |
vtls011886945 |
| 003 |
SK-MaSNL |
| 005 |
20260512123205.0 |
| 007 |
kp ao |
| 008 |
240703s1922 xr g kuslo |
| 015 |
|
|
|a SNBG1922
|
| 035 |
|
|
|a urn:nbn:sk:snk-km00ehhi
|
| 035 |
|
|
|a urn:nbn:sk:snk-km45xzm
|
| 035 |
|
|
|a 4A1BE7F6-A5A7-403A-8F92-57BBE06990AA
|
| 040 |
|
|
|a SNK
|b slo
|c SNK
|e AACR2
|
| 041 |
0 |
|
|a slo
|
| 043 |
|
|
|a e-xo---
|
| 044 |
|
|
|a xr
|c CZ
|
| 072 |
|
7 |
|a 913
|x Regionálna geografia
|2 konspekt
|
| 080 |
|
|
|a 913(437.6)
|2 2011
|
| 080 |
|
|
|a 726:27-523.42
|2 2011
|
| 080 |
|
|
|a (084.121)
|2 2011
|
| 080 |
|
|
|a 728.81
|2 2011
|
| 080 |
|
|
|a 355.711
|2 2011
|
| 245 |
0 |
0 |
|a Nitra
|h grafika
|
| 260 |
|
|
|a Praha - Žižkov
|b G. Jilovský
|c 1922
|
| 300 |
|
|
|a 1 pohľadnica
|b tónovaná do modra
|c 10 x 14 cm
|
| 500 |
|
|
|a Názvové údaje prevzaté z obrazovej časti pohľadnice
|
| 520 |
8 |
|
|a Zobrazenie: Pohľad v bielom orámovaní na mesto z diaľky a z výšky. V popredí vidno pásy polí. Za nimi vysoké budovy a medzi nimi stromy. V diaľke vidno kasárne - dnešnú tržnicu, vpravo od nich cez ulicu mlyny, v pozadí za kasárňami je vidno dve veže piaristického kostola s kláštorom, a vpravo od neho je kostol navšetívenia Panny Márie. Celkom vpravo je na kopci Nitriansky hrad s bazilikou sv. Emeráma
|
| 610 |
2 |
7 |
|a Bazilika sv. Emeráma (Nitra, Slovensko)
|2 SNKKA
|9 153204
|
| 610 |
2 |
7 |
|a Kostol Navštívenia Panny Márie (Nitra, Slovensko)
|2 SNKKA
|9 156884
|
| 610 |
2 |
7 |
|a Piaristický kostol sv. Ladislava (Nitra, Slovensko)
|2 SNKKA
|9 32678
|
| 610 |
2 |
7 |
|a Nitriansky hrad
|2 SNKKA
|9 165089
|
| 650 |
0 |
7 |
|a kostoly
|2 SNKPH
|9 3023
|
| 650 |
0 |
7 |
|a baziliky
|2 SNKPH
|9 54566
|
| 650 |
0 |
7 |
|a hrady
|2 SNKPH
|9 3039
|
| 650 |
0 |
7 |
|a kasárne
|2 SNKPH
|9 29949
|
| 651 |
|
7 |
|a Nitra (Slovensko)
|2 SNKPHgeo
|9 15714
|
| 655 |
|
7 |
|a miestne pohľadnice
|2 SNKPH
|9 70510
|
| 852 |
|
|
|a Slovenská národná knižnica
|
| 958 |
|
|
|a EUIPO
|
| 958 |
|
|
|a GBN
|
| 958 |
|
|
|a GC
|
| 958 |
|
|
|a OND
|
| 999 |
|
|
|c 694949
|d 696879
|
| 952 |
|
|
|a SNK
|b SNK
|y PREZ
|7 0
|p 17A1382035
|o snkSP 111114
|z Pohľadnica prešla poštou.
|0 0
|1 0
|4 0
|d 2019-09-13
|f 1
|l 0
|r 2026-02-23 20:39:15
|w 2026-02-23
|